📖🕯 150 premiers "La nuit des pierres levées" - Statistiques

Statistiques générales
  • Ce quiz a Ă©tĂ© pris 9 fois
  • Le rĂ©sultat moyen est 83 sur 150
Statistiques - réponses
Mots % Correct
Ă 
100%
de
100%
des
100%
et
100%
Il
100%
il
100%
l'
100%
la
100%
le
100%
les
100%
n'
100%
on
100%
ou
100%
qu'
100%
qui
100%
Un
100%
une
100%
Une
100%
dont
80%
lui.
80%
rien
80%
rien,
80%
se
80%
ses
80%
autres.
60%
avait
60%
ceux
60%
donner
60%
en
60%
étaient
60%
était
60%
fois
60%
jamais
60%
leur
60%
ne
60%
ni
60%
pour
60%
retour.
60%
sa
60%
sans
60%
son
60%
sûr.
60%
sur
60%
tous
60%
uns
60%
Celui-
40%
ci
40%
encore
40%
faisait
40%
gens
40%
pas
40%
quelque
40%
abusé
20%
générosité,
20%
monde,
20%
pensait
20%
personne
20%
préoccupait
20%
profitait
20%
propre
20%
rare
20%
Voleur,
20%
action
0%
attention
0%
attraper ...
0%
aucune
0%
bénéfice,
0%
bénéficier
0%
bonheurs
0%
Bref,
0%
chasse.
0%
considération
0%
croisaient
0%
défauts
0%
dérober,
0%
espérer
0%
gentillesse
0%
lois
0%
malheurs
0%
méchant.
0%
menteur,
0%
moindre
0%
moins
0%
naïveté
0%
offrait
0%
Parfois,
0%
police
0%
puisse
0%
quiconque.
0%
rancunier
0%
route.
0%
sacré,
0%
sommeil
0%
tricheur...
0%
tromper,
0%
trousses
0%
voulait
0%
Aucun quiz correspondant
Distribution des résultats
% des personnes avec chaque résultat
Percentile par nombre de réponses
Votre historique - résultats
Vous n’avez pas pris ce quiz